00354pab a2200133 454500008004000000100002100040245004200061260000900103300001200112362000900124650002100133700002500154773004100179180718b1990 xxu||||| |||| 00| 0 eng d aKing, Desmond S. aSocial democracy and rational workers c1990 a387-417 aJuly aSocial Democracy aMark Wickham - Jones aBritish Journal of Political Science